000 01027cam a2200229 4500
001 WB@3612-761
008 040721n2004 000 0 eng u
035 _a(Sirsi) u126890
245 _aRural strategy 2004
260 _c2004
490 _aDEFRA News Release
_v(291/04) 21 July 2004 (5)
520 _aBuilding on "Rural delivery review" (2003) and following on from the government's review, (January 2004), of the good progress towards delivering the "Rural white paper 2000"; "Rural Strategy 2004" has been launched. It sets out three key priorities: social and economic regeneration; enhancing the value of the countryside; and social justice for all. Details of all of these reviews and reports can be viewed at: http://www.defra.gov.uk/. http://www.defra.gov.uk/news/2004/040721c.htm
590 _aWB
590 _aWB
650 _aSUSTAINABLE REFORMS
650 _aRURAL COMMUNITIES
650 _aPOLICY
650 _aRURAL STRATEGIES
650 _aREGENERATION
690 _aRURAL
_96268
942 _n0
999 _c117744
_d117744